La isla del tesoro / (Registro nro. 7396)

Detalles MARC
000 -LEADER
fixed length control field 00840nam a2200277 a 4500
001 - CONTROL NUMBER
control field 000000317
003 - CONTROL NUMBER IDENTIFIER
control field DO-SdBNP
005 - DATE AND TIME OF LATEST TRANSACTION
control field 20150213153708.0
007 - PHYSICAL DESCRIPTION FIXED FIELD--GENERAL INFORMATION
fixed length control field 000000317
008 - FIXED-LENGTH DATA ELEMENTS--GENERAL INFORMATION
fixed length control field 081218s2007 dr a 000 0 spa d
020 ## - INTERNATIONAL STANDARD BOOK NUMBER
International Standard Book Number 9789945442069
040 ## - CATALOGING SOURCE
Original cataloging agency BPMET
Language of cataloging spa
Transcribing agency BPMET
092 ## - LOCALLY ASSIGNED DEWEY CALL NUMBER (OCLC)
Classification number 823.8
Item number S847i
100 1# - MAIN ENTRY--PERSONAL NAME
Personal name Stevenson, Robert Louis,
Numeration 1850- 1894
245 13 - TITLE STATEMENT
Title La isla del tesoro /
Statement of responsibility, etc. Robert Louis Stevenson ; ilustraciones José Lovera.
260 ## - PUBLICATION, DISTRIBUTION, ETC. (IMPRINT)
Place of publication, distribution, etc. Santo Domingo :
Name of publisher, distributor, etc. Taller
Date of publication, distribution, etc. 2007
300 ## - PHYSICAL DESCRIPTION
Extent 223 p. :
Other physical details il.,
Dimensions 24 cm.
440 #0 - SERIES STATEMENT/ADDED ENTRY--TITLE
Title Clásicos Universales
650 #4 - SUBJECT ADDED ENTRY--TOPICAL TERM
Topical term or geographic name as entry element NOVELA INGLESA
650 #4 - SUBJECT ADDED ENTRY--TOPICAL TERM
Topical term or geographic name as entry element LITERATURA INGLESA
910 ## - USER-OPTION DATA (OCLC)
User-option data VM / DG / VG /WM / MF
930 #1 - EQUIVALENCE OR CROSS-REFERENCE-UNIFORM TITLE HEADING [LOCAL, CANADA]
Language of a work BND01
Medium of performance for music LF1
Field link and sequence number 20090711
Date of a work 01
Name of part/section of a work HD
942 ## - ADDED ENTRY ELEMENTS (KOHA)
Source of classification or shelving scheme Dewey Decimal Classification
Koha item type Libros
956 ## - LOCAL ELECTRONIC LOCATION AND ACCESS (OCLC)
Host name BATCH-UPD
Access number 10
Compression information 20091221
Logon BND01
Processor of request 1402
956 ## - LOCAL ELECTRONIC LOCATION AND ACCESS (OCLC)
Host name TMEREDITH
Access number 10
Compression information 20111004
Logon BND01
Processor of request 1013
Existencias
Withdrawn status Lost status Source of classification or shelving scheme Damaged status Not for loan Collection code Home library Current library Date acquired Total Checkouts Barcode Date last seen Copy number Price effective from Koha item type
    Dewey Decimal Classification       Biblioteca Pública Metropolitana Salomé Ureña Biblioteca Pública Metropolitana Salomé Ureña 02/13/2015   BPMET15041211 02/13/2015 1 ej. 02/13/2015 Libros